[Event "FRA-chT U20 16 GP Basse 1011"]
[Site "France"]
[Date "2011.06.12"]
[Round "8"]
[White "Barbe Asensio, Cyrielle"]
[Black "Kantzer, Romain"]
[Result "1-0"]
[WhiteElo "1550"]
[BlackElo "1460"]
[PlyCount "50"]
[EventDate "2010.06.20"]
[EventType "team-tourn"]
[EventRounds "11"]
[EventCountry "FRA"]
[SourceTitle "EXT 2015"]
[Source "ChessBase"]
[SourceDate "2014.11.20"]
[SourceVersion "1"]
[SourceVersionDate "2014.11.20"]
[SourceQuality "1"]
[WhiteTeam "Montpellier (U20)"]
[BlackTeam "Bischwiller (U20)"]
[WhiteTeamCountry "FRA"]
[BlackTeamCountry "FRA"]

1. b3 d5 2. Bb2 Nc6 3. e3 e5 4. Bb5 Bd6 5. Ne2 Nf6 6. 0-0 0-0 7. d3 Bd7 8. Nd2 a6 9. Bxc6 Bxc6 10. Re1 Re8 11. Ng3 Bd7 12. Nf3 Bg4 13. h3 Bd7 14. Qe2 Bb5 15. a4 Bc6 16. Rad1 d4 17. exd4 exd4 18. Qd2 Bxf3 19. Rxe8+ Qxe8 20. gxf3 c5 21. c3 dxc3 22. Bxc3 Nd5 23. Bb2 Qd7 24. Qg5 f6 25. Qxd5+ Kh8 1-0

[Event "FRA-chT U20 16 GP Basse 1011"]
[Site "France"]
[Date "2011.06.12"]
[Round "8"]
[White "Bellahcene, Meriem"]
[Black "Barbe Asensio, Cyrielle"]
[Result "1/2-1/2"]
[WhiteElo "1430"]
[BlackElo "1550"]
[PlyCount "115"]
[EventDate "2010.06.20"]
[EventType "team-tourn"]
[EventRounds "11"]
[EventCountry "FRA"]
[SourceTitle "EXT 2015"]
[Source "ChessBase"]
[SourceDate "2014.11.20"]
[SourceVersion "1"]
[SourceVersionDate "2014.11.20"]
[SourceQuality "1"]
[WhiteTeam "Bischwiller (U20)"]
[BlackTeam "Montpellier (U20)"]
[WhiteTeamCountry "FRA"]
[BlackTeamCountry "FRA"]

1. e4 b6 2. d4 Bb7 3. Nc3 e6 4. Nf3 Bb4 5. Bd3 Ne7 6. Bd2 0-0 7. 0-0 d6 8. Ne2 Bxd2 9. Qxd2 Nd7 10. Ng3 Ng6 11. Qc3 Nf6 12. Rfe1 Rc8 13. Rad1 Re8 14. h3 h6 15. Nd2 Nf4 16. Bf1 N6h5 17. Re3 c5 18. Rc1 cxd4 19. Qxd4 e5 20. Qb4 Nxg3 21. Rxg3 Ng6 22. Nc4 Re6 23. Be2 Ba6 24. b3 Nf4 25. Bg4 f5 26. Bxf5 Ne2+ 27. Kh2 Bxc4 28. bxc4 Rf6 29. Bxc8 Qxc8 30. Rd1 Nxg3 31. fxg3 Qc6 32. Qb3 Qxe4 33. c5+ d5 34. Rxd5 Kh7 35. h4 Rf2 36. Qd3 Qxd3 37. cxd3 bxc5 38. Rxc5 Rxa2 39. Rxe5 Rd2 40. Re7 Rxd3 41. Rxa7 h5 42. Rf7 Kh6 43. Rf3 Rd8 44. Kh3 g6 45. Rf4 Rd1 46. Kh2 Rd2 47. g4 Rd6 48. g5+ Kg7 49. g4 Rd2+ 50. Kg3 Rd3+ 51. Rf3 Rd4 52. gxh5 gxh5 53. Rf4 Rd3+ 54. Rf3 Rd4 55. Kh3 Rd1 56. Rf2 Rd3+ 57. Kg2 Rd4 58. Kg3 1/2-1/2

[Event "FRA-chTA U20 1011"]
[Site "France"]
[Date "2010.11.21"]
[Round "3.10"]
[White "Hebert, Floriane"]
[Black "Barbe Asensio, Cyrielle"]
[Result "1-0"]
[WhiteElo "1419"]
[BlackElo "1390"]
[PlyCount "105"]
[EventDate "2010.11.21"]
[EventType "team-tourn"]
[EventRounds "7"]
[EventCountry "FRA"]
[SourceTitle "EXT 2012"]
[Source "ChessBase"]
[SourceDate "2011.11.24"]
[SourceVersion "1"]
[SourceVersionDate "2011.11.24"]
[SourceQuality "1"]
[WhiteTeam "Hyeres"]
[BlackTeam "Montpellier"]
[WhiteTeamCountry "FRA"]
[BlackTeamCountry "FRA"]

1. e4 b6 2. Nc3 Bb7 3. Nf3 e6 4. Bc4 Bb4 5. 0-0 Bxc3 6. bxc3 Bxe4 7. d4 Bb7 8. Bg5 Ne7 9. Re1 d5 10. Bb3 0-0 11. c4 Qd7 12. cxd5 Nxd5 13. Ne5 Qe8 14. Nd3 Nd7 15. Qg4 N7f6 16. Qg3 Nh5 17. Qh4 Nhf6 18. c4 Ne7 19. Bxf6 gxf6 20. Qxf6 Ng6 21. d5 Rd8 22. Nf4 Nxf4 23. Qxf4 Qe7 24. dxe6 fxe6 25. Qg4+ Qg7 26. Qxg7+ Kxg7 27. Rxe6 Rfe8 28. Rxe8 Rxe8 29. h4 Kh6 30. g3 Re2 31. Rf1 Kh5 32. Bd1 Bf3 33. Bxe2 Bxe2 34. Rc1 c5 35. a4 Kg4 36. a5 bxa5 37. Ra1 Bxc4 38. Ra4 Kf3 39. Rxc4 Ke2 40. Rxc5 a4 41. Ra5 Kd3 42. Rxa4 Kc3 43. f4 Kb3 44. Rxa7 Kc4 45. f5 Kd5 46. f6 Ke6 47. f7 Ke5 48. f8Q Kd4 49. Re7 Kd5 50. Qd8+ Kc6 51. Rc7+ Kb6 52. Qb8+ Ka6 53. Ra7# 1-0

[Event "FRA-chTA U20 1011"]
[Site "France"]
[Date "2010.11.21"]
[Round "1.10"]
[White "Lavault, Samuel"]
[Black "Barbe Asensio, Cyrielle"]
[Result "1-0"]
[WhiteElo "1520"]
[BlackElo "1390"]
[PlyCount "121"]
[EventDate "2010.11.21"]
[EventType "team-tourn"]
[EventRounds "7"]
[EventCountry "FRA"]
[SourceTitle "EXT 2012"]
[Source "ChessBase"]
[SourceDate "2011.11.24"]
[SourceVersion "1"]
[SourceVersionDate "2011.11.24"]
[SourceQuality "1"]
[WhiteTeam "Grenoble"]
[BlackTeam "Montpellier"]
[WhiteTeamCountry "FRA"]
[BlackTeamCountry "FRA"]

1. e4 b6 2. Nf3 Bb7 3. Nc3 e6 4. d3 Bb4 5. Bd2 Ne7 6. a3 Bxc3 7. Bxc3 0-0 8. Be2 d5 9. exd5 exd5 10. 0-0 Re8 11. Qd2 Ng6 12. Rfe1 Nd7 13. d4 c5 14. dxc5 Nxc5 15. Bb5 Rxe1+ 16. Rxe1 Qd6 17. Qd4 Qf6 18. Qxf6 gxf6 19. Bxf6 Ne4 20. Bd4 a6 21. Bd3 b5 22. Bxe4 dxe4 23. Ng5 Re8 24. f3 f5 25. b3 h6 26. Nh3 a5 27. b4 a4 28. c3 f4 29. Kf2 e3+ 30. Ke2 Kf7 31. Kd3 Bd5 32. Kc2 Bc4 33. Ng1 Nh4 34. g3 Nf5 35. gxf4 Nxd4+ 36. cxd4 Kf6 37. d5 Bxd5 38. Kd3 Bc4+ 39. Kd4 Kf5 40. Rxe3 Rxe3 41. Kxe3 h5 42. Nh3 h4 43. Ng5 Kf6 44. Ne4+ Ke6 45. Nd2 Kf5 46. Nxc4 bxc4 47. b5 Ke6 48. Kd4 Kd6 49. Kxc4 Kc7 50. f5 Kd7 51. f6 Ke6 52. b6 Kxf6 53. b7 Ke7 54. b8Q Kf6 55. Qf4+ Ke6 56. Kd4 Ke7 57. Qf5 Ke8 58. Qh7 Kd8 59. Kc5 Kc8 60. Kc6 Kb8 61. Qb7# 1-0

[Event "FRA-ch U08"]
[Site "La Roche sur Yon"]
[Date "2008.04.23"]
[Round "1"]
[White "Barbe Asensio, Cyrielle"]
[Black "Georget, Laureline"]
[Result "1-0"]
[WhiteElo "1009"]
[BlackElo "1280"]
[PlyCount "97"]
[EventDate "2008.04.23"]
[EventType "swiss"]
[EventRounds "9"]
[EventCountry "FRA"]
[SourceTitle "EXT 2010"]
[Source "ChessBase"]
[SourceDate "2010.11.25"]
[SourceVersion "1"]
[SourceVersionDate "2010.11.25"]
[SourceQuality "1"]

1. e4 c5 2. Bc4 Nf6 3. d3 g6 4. Bg5 Bg7 5. Bxf6 0-0 6. Bxg7 Kxg7 7. Nf3 Nc6 8. Nc3 d6 9. 0-0 Bg4 10. Nd5 e6 11. Nf4 e5 12. Ne6+ fxe6 13. Rc1 Bxf3 14. gxf3 d5 15. Bb3 b5 16. exd5 exd5 17. Re1 a5 18. a4 bxa4 19. Bxa4 Rb8 20. Bxc6 Rc8 21. Ba4 Qb6 22. Rxe5 Qb4 23. Re7+ Kg8 24. Bb3 c4 25. dxc4 dxc4 26. Ba2 Qxb2 27. Ra1 Qf6 28. Rb1 Qxe7 29. Qd5+ Rf7 30. Qxa5 Rc5 31. Rb5 Rxb5 32. Qxb5 Qe1+ 33. Kg2 Qe6 34. Bxc4 Qe1 35. Bxf7+ Kxf7 36. Qf1 Qc3 37. Qd1 Qf6 38. Qd7+ Qe7 39. Qxe7+ Kxe7 40. c4 Kd6 41. Kg3 Kc5 42. Kg4 Kxc4 43. Kg5 Kd3 44. h4 Ke2 45. Kh6 Kxf3 46. Kxh7 Kf4 47. Kxg6 Kg4 48. f3+ Kxh4 49. Kf5 1-0